000
00311nam a2200133Ia 4500
008
240624s9999 xx 000 0 und d
041
_a
eng
082
_a
330 KAH
100
_a
KAHNEMAN DANIEL
245
_a
THINKING FAST AND SLOW
260
_c
2011
_a
New Delhi
_b
Allen Lane
300
_a
512 : p.
365
_c
RS
999
_c
22204
_d
22204